Viktor Bajčík - citačný index : rešerš

Guardado en:
Detalles Bibliográficos
Formato: Libro
Publicado: Bratislava Univerzitná knižnica Bratislava 1998
Etiquetas: Agregar Etiqueta
Sin Etiquetas, Sea el primero en etiquetar este registro!

MARC

LEADER 00000nam a22000003a 4500
001 0017261
003 SK-STU
005 20160921150626.9
007 ta
008 160921s ----xo-----e------000-0-----d
040 |a STU  |b slo 
245 1 0 |a Viktor Bajčík - citačný index :  |b rešerš 
260 |a Bratislava  |b Univerzitná knižnica Bratislava  |c 1998 
996 |c M* R-137  |l MMKN  |s A  |a 24  |w 0017261_0001